00386nam a2200121Ia 4500003000400000005001700004008004100021040000900062082001800071100003700089245007400126260006400200OSt20210206105004.0190216s9999||||xx |||||||||||||| ||und|| coclc a954.03bKRI/M aKripalini, Jeevathram Bhagvandas 0aMahatma Gandhi Jeevan Aur Chinthan /cJeevathram Bhagvandas Kripalini bSoochana Aur Prasaran Manthralay Bharath SarkaraNew Delhi: